000 00314nam a2200133Ia 4500
005 20251222155205.0
008 251222s9999||||xx |||||||||||||| ||spa||
082 _aEDUM.03
100 _aTORRES VALLADARES
245 0 _aTeorías del aprendizaje antología
250 _a1ra. ed.
264 _bUNMSM
942 _cLIB
999 _c40096
_d40096